000 02003 a2200349 4500
001 41092
005 20260407155704.0
008 260407a1995 arg spa d
003 AR-UNSa-BCEJYS
040 _aAR-UNSa-BCEJYS
_bspa
_cAR-UNSa-BCEJYS
080 _a347.91
_xProcedimientos civiles particulares (Derecho Procesal Civil)
245 1 0 _aEl proceso civil
_pBuenos Aires y Nación
020 _a950-894-015-8
264 1 _aBuenos Aires :
_bAD-HOC
_c1995
300 _a2 v. (373 ; 90 p.)
_c23 cm.
505 _aVol. I: 1. Los recursos procesales - 2. Procedimiento en segunda instancia - 3. Procesos sumarios y sumarísimos - 4. Justicia de Paz letrada de la Provincia de Buenos Aires - 5. Medidas cautelares - 6. Juicio ejecutivo - 7. Procesos voluntarios - 8. Modos anormales de terminación del proceso - 9. Los tribunales de familia en la Provincia de Buenos Aires -- Vol. II: 1. La mediación - 2. Ejecución de sentencias: tratados. Mercosur - 3. Ley 24.441. Las letras hipotecarias. Su ejecución. Pautas sobre ejecución hipotecaria incorporadas al Código Cívil. Modificaciones al Código Procesal Civil y Comercial de la Nación - 4. Honorarios de peritos - 5. Régimen de la prueba - 6. Ejecuciones y procesos especiales - 7. Habeas data - 8. Exclusión o reintegro al hogar como medida cautelar - 9. Demanda por declaración de inconstitucionalidad y conflictos de poderes -
041 _aspa
942 _cBK
590 _aniveau_biblio:m niveau_hierar:0
100 1 _aCalosso, Severo J.
700 1 _aWitthaus, Rodolfo Ernesto
700 1 _aIacobelli, Graciela S.
700 1 _aJarowitzky, Patricia A.
700 1 _aPedemonte, Susana G.
700 1 _aSuares, Roberto C.
700 1 _aSuárez, Ricardo H.
700 1 _aVallejos, Mario A.
700 1 _aMaffía, Leticia Mónica
700 1 _aPedemonte, Susana Graciela
700 1 _aVázquez Seoane, Daniel
856 4 1 _uhttps://biblioeco.unsa.edu.ar/pmb/images/libros/L126364.jpg
_yImagen de portada
_qimage/jpeg
999 _c3360
_d3360